000
00271nam a2200109Ia 4500
008
230907s9999||||xx |||||||||||||| ||und||
082
_a
543
_b
SKO
245
0
_a
Principles of instrumental analysis /
260
_a
Cengage,
_b
Delhi :
_c
2014
300
_a
998 p.
942
_c
BK
999
_c
600357
_d
600357